Personagens da Ilha dos Desafios / Drama Total 1º a 3º Temporada - Statistics

Estatísticas Gerais
  • Esse quiz foi jogado 56 vezes
  • A pontuação média é 20 de 27
Estatísticas das Respostas
Resposta % Correto
Gwen
94%
Owen
94%
Duncan
91%
Heather
89%
Noah
83%
Courtney
80%
Beth
77%
Tyler
77%
Cody
74%
DJ
74%
Geoff
74%
Lindsay
74%
Trent
74%
Alejandro
71%
Eva
71%
Ezekiel
71%
Harold
71%
Justin
71%
Leshawna
69%
Bridgette
66%
Izzy
66%
Katie
66%
Sadie
66%
Sierra
66%
Chef
60%
Chris
60%
Blaineley
40%
Nenhum quiz correspondente encontrado
Distribuição das Pontuações
Porcentagem de Pessoas com Cada Pontuação
Percentil de Números Respondidos
Sua Pontuação Histórica
Você não jogou esse quiz